The Zend-Avesta / (Record no. 67366)
[ view plain ]
| 000 -LEADER | |
|---|---|
| fixed length control field | 00955cam a2200265 a 4500 |
| 001 - CONTROL NUMBER | |
| control field | sa 66000653 |
| 003 - CONTROL NUMBER IDENTIFIER | |
| control field | DLC |
| 005 - DATE AND TIME OF LATEST TRANSACTION | |
| control field | 20260227112216.0 |
| 008 - FIXED-LENGTH DATA ELEMENTS--GENERAL INFORMATION | |
| fixed length control field | 720816s1965 ii b 000 0 eng |
| 010 ## - LIBRARY OF CONGRESS CONTROL NUMBER | |
| LC control number | sa 66000653 |
| 035 ## - SYSTEM CONTROL NUMBER | |
| System control number | (OCoLC)383899 |
| 040 ## - CATALOGING SOURCE | |
| Original cataloging agency | DLC |
| Transcribing agency | DLC |
| 041 1# - LANGUAGE CODE | |
| Language code of text/sound track or separate title | eng |
| Language code of original | ave |
| 050 00 - LIBRARY OF CONGRESS CALL NUMBER | |
| Classification number | BL1515.2 |
| Item number | .E53 1965 |
| 130 0# - MAIN ENTRY--UNIFORM TITLE | |
| Uniform title | Avesta. |
| Language of a work | English. |
| 245 14 - TITLE STATEMENT | |
| Title | The Zend-Avesta / |
| Statement of responsibility, etc. | translated by James Darmesteter. |
| 260 ## - PUBLICATION, DISTRIBUTION, ETC. | |
| Place of publication, distribution, etc. | Delhi : |
| Name of publisher, distributor, etc. | Motilal Banarsidass |
| Date of publication, distribution, etc. | 1965. |
| 300 ## - PHYSICAL DESCRIPTION | |
| Extent | 3 v. ; |
| Dimensions | 23 cm. |
| 440 #0 - SERIES STATEMENT/ADDED ENTRY--TITLE | |
| Title | Sacred books of the East series ; |
| Volume/sequential designation | v. 4, 23, 31 |
| 546 ## - LANGUAGE NOTE | |
| Language note | Translated from Avestan. |
| 504 ## - BIBLIOGRAPHY, ETC. NOTE | |
| Bibliography, etc. note | Includes bibliographical references. |
| 505 0# - FORMATTED CONTENTS NOTE | |
| Formatted contents note | pt. 1. The Vendīdād -- pt. 2. The Sirōzahs, Yasts and Nyāyis -- pt. 3. The Yasna, Visparad, Afrinagān, Gābs, and miscellaneous fragments / translated by L.H. Mills. |
| 700 1# - ADDED ENTRY--PERSONAL NAME | |
| Personal name | Darmesteter, James, |
| Dates associated with a name | 1849-1894. |
| 700 1# - ADDED ENTRY--PERSONAL NAME | |
| Personal name | Mills, Lawrence Heyworth, |
| Dates associated with a name | 1837-1918. |
No items available.